Pokémon Type Weaknesses - Statistics

General Stats
  • This quiz has been taken 15,744 times
  • The average score is 37 of 51
Answer Stats
Type Weakness % Correct
Fire Water
100%
Normal Fighting
97%
Fire Ground
94%
Grass Fire
93%
Water Electric
92%
Electric Ground
92%
Water Grass
91%
Ice Fire
87%
Fire Rock
87%
Grass Ice
83%
Grass Bug
77%
Grass Flying
77%
Grass Poison
77%
Fighting Flying
75%
Fighting Psychic
75%
Ground Water
75%
Flying Electric
74%
Ice Fighting
74%
Bug Fire
74%
Ground Grass
71%
Ice Rock
71%
Rock Water
71%
Psychic Dark
70%
Flying Rock
70%
Ice Steel
70%
Dragon Fairy
69%
Poison Ground
69%
Dragon Dragon
68%
Fighting Fairy
68%
Steel Fire
68%
Psychic Ghost
68%
Dragon Ice
68%
Rock Grass
67%
Flying Ice
67%
Poison Psychic
67%
Psychic Bug
66%
Ghost Dark
66%
Bug Flying
66%
Ground Ice
65%
Rock Fighting
64%
Ghost Ghost
64%
Bug Rock
62%
Dark Fighting
61%
Rock Ground
61%
Dark Fairy
60%
Fairy Poison
60%
Steel Fighting
59%
Rock Steel
59%
Fairy Steel
59%
Steel Ground
57%
Dark Bug
56%
No matching quizzes found
Score Distribution
Percent of People with Each Score
Percentile by Number Answered
Your Score History
You have not taken this quiz